Τα όνειρα στο Τρίτο Ράιχ
Αποθηκεύτηκε σε:
| Κύριος συγγραφέας: | |
|---|---|
| Άλλοι συγγραφείς: | , , , , |
| Μορφή: | Βιβλίο |
| Γλώσσα: | Greek German |
| Δημοσίευση: |
Αθήνα :
Άγρα,
2015.
|
| Θέματα: | |
| Ετικέτες: |
Προσθήκη ετικέτας
Δεν υπάρχουν, Καταχωρήστε ετικέτα πρώτοι!
|
MARC
| LEADER | 00000cam a2200000 a 4500 | ||
|---|---|---|---|
| 001 | 1/110037 | ||
| 008 | 160223s2015####gr | ||| |||| ||gre|| | ||
| 020 | |a 9789605051884 | ||
| 040 | |a GR-MyUa |b gre |c GR-MyUa |e AACR2 | ||
| 041 | 1 | |a gre |h ger | |
| 082 | 7 | |a 135.3 |2 (23) | |
| 100 | 1 | |a Beradt, Charlotte. | |
| 245 | 1 | 3 | |a Τα όνειρα στο Τρίτο Ράιχ / |c Charlotte Beradt ; μετάφραση: Γιάννης Καλιφατίδης ; εισαγωγή: Martine Leibovici ; [μετάφραση εισαγωγής]: Βίκυ Ιακώβου ; επίμετρο στη γερμανική έκδοση: Reinhart Koselleck ; επίμετρο στην αμερικανική έκδοση: Bruno Bettelheim. |
| 260 | |a Αθήνα : |b Άγρα, |c 2015. | ||
| 300 | |a 251 σ. ; |c 21 εκ. | ||
| 650 | 0 | |a Dreams |x Social aspects. | |
| 650 | 0 | |a Dreams |x Psychological aspects. | |
| 650 | 0 | |a National socialism |z Germany. | |
| 650 | 0 | |a National socialism |x Social aspects. | |
| 700 | 1 | |a Καλιφατίδης, Γιάννης, |e edt | |
| 700 | 1 | |a Leibovici, Martine, |e aui | |
| 700 | 1 | |a Koselleck, Reinhart, |e aft | |
| 700 | 1 | |a Ιακώβου, Βίκυ, |e trlf | |
| 700 | 1 | |a Bettelheim, Bruno, |e aft | |
| 852 | |a INST |b LESVOS |e 20160223 |h 135.3 BER |p 005100057305 |q 005100057305 |t BK |y 0 | ||
| 970 | |a Τζαφέρη |b Ευαγγελία |z 23-02-2016 | ||